000 00655ntaaa2200205 4500
003 01
005 20251027203207.0
008 0714s1973 ag 01
020 _a9507590625
040 _aAR-BaBN
_bspa
_cAR-BaBN
_eaacr
_dRIC
082 _a226.3 R64j
100 _aRoldan, Alberto Fernando
_918802
245 _aJesus en acción /
_cAlberto Fernando Roldan,
250 _a1 ed
260 _aBuenos Aires :
_bPublicaciones Alianza,
_c2000
300 _a2 v ;
_c20 cm
500 _aContiene notas y referencias bibliograficas. Bibliografia e indice de autores al final de cada volumen
650 _aBiblia - Nuevo Testamento - Marcos
_94419
942 _cBK
999 _c27395
_d27395